000 00415 a2200157 4500
999 _c8231
_d8231
020 _a9788131762165
050 _aQA76.758SOM2011
100 _aSommerville, Lan
_eauthor
245 _aSoftware engineering /
_cIan Sommerville.
250 _a9th ed
264 _a New York :
_bPearson,
_c 2011
300 _a773p. :
500 _alncludes index
650 _aSoftware engineering.
942 _2lcc
_cBK
_h76.758
_iSOM
_kQA